000
00268nam a2200109Ia 4500
008
240625s9999 xx 000 0 und d
041
_a
eng
082
_a
005.133 HAL
100
_a
HALVORSON MICHAEL
245
_a
MICROSOFT VISUAL BASIC 2010 STEP BY STEP
260
_c
2010
999
_c
34755
_d
34755